<?xml version="1.0" encoding="UTF-8"?>
<record
    xmlns:xsi="http://www.w3.org/2001/XMLSchema-instance"
    xsi:schemaLocation="http://www.loc.gov/MARC21/slim http://www.loc.gov/standards/marcxml/schema/MARC21slim.xsd"
    xmlns="http://www.loc.gov/MARC21/slim">

  <leader>00316nam a22001457a 4500</leader>
  <controlfield tag="003">SGT</controlfield>
  <datafield tag="082" ind1=" " ind2=" ">
    <subfield code="a">611</subfield>
    <subfield code="b">H25C</subfield>
  </datafield>
  <datafield tag="100" ind1=" " ind2=" ">
    <subfield code="a">CHAURASIA, BD</subfield>
  </datafield>
  <datafield tag="245" ind1=" " ind2=" ">
    <subfield code="a">HUMAN ANATOMY: BRAIN NEUROLOGY VOL. 4</subfield>
  </datafield>
  <datafield tag="250" ind1=" " ind2=" ">
    <subfield code="a">10TH</subfield>
  </datafield>
  <datafield tag="260" ind1=" " ind2=" ">
    <subfield code="a">INDIA </subfield>
    <subfield code="b">CBS PUB </subfield>
    <subfield code="c">2025</subfield>
  </datafield>
  <datafield tag="300" ind1=" " ind2=" ">
    <subfield code="a">195</subfield>
  </datafield>
  <datafield tag="650" ind1=" " ind2=" ">
    <subfield code="a">HUMAN ANATOMY </subfield>
  </datafield>
  <datafield tag="942" ind1=" " ind2=" ">
    <subfield code="2">ddc</subfield>
    <subfield code="c">BK</subfield>
  </datafield>
  <datafield tag="952" ind1=" " ind2=" ">
    <subfield code="0">0</subfield>
    <subfield code="1">0</subfield>
    <subfield code="2">ddc</subfield>
    <subfield code="4">0</subfield>
    <subfield code="7">1</subfield>
    <subfield code="8">MEDICAL</subfield>
    <subfield code="a">FM</subfield>
    <subfield code="b">FM</subfield>
    <subfield code="c">REF</subfield>
    <subfield code="d">2025-10-06</subfield>
    <subfield code="e">BRIJWASI BOOK DISTRIBUTORS DELHI</subfield>
    <subfield code="h">VOLUME-IV</subfield>
    <subfield code="i">SGTU</subfield>
    <subfield code="o">611 H25C</subfield>
    <subfield code="p">FM15566</subfield>
    <subfield code="r">2025-11-04 00:00:00</subfield>
    <subfield code="w">2025-10-06</subfield>
    <subfield code="y">BK</subfield>
    <subfield code="k">BW/000271</subfield>
  </datafield>
  <datafield tag="952" ind1=" " ind2=" ">
    <subfield code="0">0</subfield>
    <subfield code="1">0</subfield>
    <subfield code="2">ddc</subfield>
    <subfield code="4">0</subfield>
    <subfield code="7">0</subfield>
    <subfield code="8">MEDICAL</subfield>
    <subfield code="a">FM</subfield>
    <subfield code="b">FM</subfield>
    <subfield code="c">TXT</subfield>
    <subfield code="d">2025-10-06</subfield>
    <subfield code="e">BRIJWASI BOOK DISTRIBUTORS DELHI</subfield>
    <subfield code="h">VOLUME-IV</subfield>
    <subfield code="i">SGTU</subfield>
    <subfield code="l">2</subfield>
    <subfield code="o">611 H25C</subfield>
    <subfield code="p">FM15567</subfield>
    <subfield code="q">2026-06-15</subfield>
    <subfield code="r">2026-06-01 12:54:25</subfield>
    <subfield code="s">2026-06-01</subfield>
    <subfield code="w">2025-10-06</subfield>
    <subfield code="y">BK</subfield>
    <subfield code="k">BW/000271</subfield>
  </datafield>
  <datafield tag="952" ind1=" " ind2=" ">
    <subfield code="0">0</subfield>
    <subfield code="1">0</subfield>
    <subfield code="2">ddc</subfield>
    <subfield code="4">0</subfield>
    <subfield code="7">0</subfield>
    <subfield code="8">MEDICAL</subfield>
    <subfield code="a">FM</subfield>
    <subfield code="b">FM</subfield>
    <subfield code="c">TXT</subfield>
    <subfield code="d">2025-10-06</subfield>
    <subfield code="e">BRIJWASI BOOK DISTRIBUTORS DELHI</subfield>
    <subfield code="h">VOLUME-IV</subfield>
    <subfield code="i">SGTU</subfield>
    <subfield code="l">4</subfield>
    <subfield code="o">611 H25C</subfield>
    <subfield code="p">FM15568</subfield>
    <subfield code="r">2026-06-05 12:11:38</subfield>
    <subfield code="s">2026-05-25</subfield>
    <subfield code="w">2025-10-06</subfield>
    <subfield code="y">BK</subfield>
    <subfield code="k">BW/000271</subfield>
  </datafield>
  <datafield tag="952" ind1=" " ind2=" ">
    <subfield code="0">0</subfield>
    <subfield code="1">0</subfield>
    <subfield code="2">ddc</subfield>
    <subfield code="4">0</subfield>
    <subfield code="7">0</subfield>
    <subfield code="8">MEDICAL</subfield>
    <subfield code="a">FM</subfield>
    <subfield code="b">FM</subfield>
    <subfield code="c">TXT</subfield>
    <subfield code="d">2025-10-06</subfield>
    <subfield code="e">BRIJWASI BOOK DISTRIBUTORS DELHI</subfield>
    <subfield code="h">VOLUME-IV</subfield>
    <subfield code="i">SGTU</subfield>
    <subfield code="l">0</subfield>
    <subfield code="o">611 H25C</subfield>
    <subfield code="p">FM15569</subfield>
    <subfield code="r">2025-11-04 00:00:00</subfield>
    <subfield code="w">2025-10-06</subfield>
    <subfield code="y">BK</subfield>
    <subfield code="k">BW/000271</subfield>
  </datafield>
  <datafield tag="952" ind1=" " ind2=" ">
    <subfield code="0">0</subfield>
    <subfield code="1">0</subfield>
    <subfield code="2">ddc</subfield>
    <subfield code="4">0</subfield>
    <subfield code="7">0</subfield>
    <subfield code="8">MEDICAL</subfield>
    <subfield code="a">FM</subfield>
    <subfield code="b">FM</subfield>
    <subfield code="c">TXT</subfield>
    <subfield code="d">2025-10-06</subfield>
    <subfield code="e">BRIJWASI BOOK DISTRIBUTORS DELHI</subfield>
    <subfield code="h">VOLUME-IV</subfield>
    <subfield code="i">SGTU</subfield>
    <subfield code="l">0</subfield>
    <subfield code="o">611 H25C</subfield>
    <subfield code="p">FM15570</subfield>
    <subfield code="r">2025-11-04 00:00:00</subfield>
    <subfield code="w">2025-10-06</subfield>
    <subfield code="y">BK</subfield>
    <subfield code="k">BW/000271</subfield>
  </datafield>
  <datafield tag="999" ind1=" " ind2=" ">
    <subfield code="c">33136</subfield>
    <subfield code="d">33136</subfield>
  </datafield>
</record>
